000
00351nam a2200169Ia 4500
008
240830s2012 xx 000 0 und d
041
_a
eng
082
_a
1
100
_a
GULHATI
245
_a
MIMS INDIA
250
_a
1
260
_b
N.D.
_c
2012
300
_a
200p
650
_a
KAYA-CHIKITSA
906
_a
MIMS INDIA
999
_c
1183992
_d
1183992